ਵੀਹਵੀਂ ਸਦੀ ਦੇ ਪੰਜਾਬੀ ਸਾਹਿਤ ਦਾ ਮੁੱਲਾਂਕਣ / (Record no. 110631)

MARC details
000 -LEADER
fixed length control field 01148nam a22002537a 4500
005 - DATE AND TIME OF LATEST TRANSACTION
control field 20170123164155.0
010 ## - LIBRARY OF CONGRESS CONTROL NUMBER
LC control number B-066698
020 ## - INTERNATIONAL STANDARD BOOK NUMBER
Terms of availability 100.00
International Standard Book Number 8126013567
035 ## - SYSTEM CONTROL NUMBER
System control number B-066698
037 ## - SOURCE OF ACQUISITION
Source of stock number/acquisition Cen Lib / Ret
040 ## - CATALOGING SOURCE
Original cataloging agency DPL
Language of cataloging PN
082 ## - DEWEY DECIMAL CLASSIFICATION NUMBER
Classification number 850.8
Item number ਵਸਿਸ਼
245 ## - TITLE STATEMENT
Title ਵੀਹਵੀਂ ਸਦੀ ਦੇ ਪੰਜਾਬੀ ਸਾਹਿਤ ਦਾ ਮੁੱਲਾਂਕਣ /
Statement of responsibility, etc ਸੰਪਾਦਕ ਓਮ ਪ੍ਰਕਾਸ਼ ਵਸਿਸ਼ਟ
246 ## - VARYING FORM OF TITLE
Title proper/short title Vihvin sadi de punjabi sahit da mulankan /
Remainder of title edited by Om Parkash Vasishta
260 ## - PUBLICATION, DISTRIBUTION, ETC. (IMPRINT)
Place of publication, distribution, etc ਨਵੀ ਦਿੱਲੀ
Name of publisher, distributor, etc ਸਾਹਿਤ ਅਕਾਦੇਮੀ
Date of publication, distribution, etc 2002
270 ## - ADDRESS
Address ਰਵਿੰਦਰ ਭਵਨ, 35, ਫਿਰੋਜ਼ਸ਼ਾਹ ਮਾਰਗ
City ਦਿੱਲੀ
Postal code 110001
300 ## - PHYSICAL DESCRIPTION
Extent 207p.
Dimensions 21cm(pbk)
650 ## - SUBJECT ADDED ENTRY--TOPICAL TERM
Topical term or geographic name as entry element ਪੰਜਾਬੀ-- ਸਾਹਿਤ
9 (RLIN) 130748
650 ## - SUBJECT ADDED ENTRY--TOPICAL TERM
Topical term or geographic name as entry element ਪੰਜਾਬੀ-- ਕਵਿਤਾਵਾਂ
9 (RLIN) 130749
650 ## - SUBJECT ADDED ENTRY--TOPICAL TERM
Topical term or geographic name as entry element Punjabi-- Literature
9 (RLIN) 781
650 ## - SUBJECT ADDED ENTRY--TOPICAL TERM
Topical term or geographic name as entry element Punjabi Literature--Fiction
9 (RLIN) 9827
700 ## - ADDED ENTRY--PERSONAL NAME
Personal name ਵਸਿਸ਼ਟ, ਓਮ ਪ੍ਰਕਾਸ਼
9 (RLIN) 96970
942 ## - ADDED ENTRY ELEMENTS (KOHA)
Source of classification or shelving scheme Dewey Decimal Classification
Koha item type Punjabi Bks
Classification part 850.8
Call number suffix ਵਸਿਸ਼
Holdings
Withdrawn status Lost status Damaged status Not for loan Home library Current library Date acquired Source of acquisition Cost, normal purchase price Total Checkouts Full call number Barcode Date last seen Copy number Cost, replacement price Price effective from Koha item type
        Central Library Central Library 05/02/2016 Cen Lib/Ret 100.00   850.8 ਵਸਿਸ਼ B-066698 05/02/2016 1 100.00 05/02/2016 Punjabi Bks

© Delhi Public Library
Hit Counter
free hit counter